000 00324nam a22001337a 4500
008 230620b xxu||||| |||| 00| 0 eng d
020 _a9966410082
082 _a306
_bAWO 1990
100 _cCasper Odegi Awuondo
245 _aLIfe in the Balance
260 _aKenya
_bActs Press
_c1990
300 _aXI,164p
942 _2ddc
_cBK
999 _c1476
_d1476